Juventus - Tous les joueurs de 2010 à 2025 - Statistiques

Statistiques générales
  • Ce quiz a été pris 1 546 fois
    140 depuis la dernière actualisation
  • Le résultat moyen est 56 sur 180
Statistiques - réponses
Saisons Nationalité Joueur Nombres
De matchs
Poste % Correct
2001 - 20182019 - 2021 Italie GianluigiBuffon 685 G
96%
2010 - 20172018 - 2023 Italie LeonardoBonucci 502 D
92%
2012 - 20162022 - 2024 France PaulPogba 190 M
92%
2015 - 2022 Argentine PauloDybala 293 A
92%
2018 - 2021 Portugal CristianoRonaldo 134 A
89%
2005 - 2022 Italie GiorgioChiellini 561 D
89%
1993 - 2012 Italie AlessandroDel Piero 705 M/A
88%
2011 - 2015 Italie AndreaPirlo 164 M
85%
2015 - 2023 Colombie JuanCuadrado 314 D/M
85%
2010 - 2019 Italie AndreaBarzagli 281 D
80%
2014 - 20162020 - 2022 Espagne AlvaroMorata 185 A
79%
2015 - 2020 Croatie MarioMandzukic 162 A
78%
2019 - 2024 France AdrienRabiot 212 M
77%
2006 - 20072008 - 2018 Italie ClaudioMarchisio 389 M
77%
2011 - 2015 Chili ArturoVidal 171 M
76%
2015 - 2024 Brésil AlexSandro 327 D
75%
2023 - Turquie KenanYildiz 80 A
75%
2016 - 20182019 - 2020 Argentine GonzaloHiguain 149 A
74%
2016 - 2020 Bosnie -Herzégovine MiralemPjanic 178 M
74%
2000 - 2011 France DavidTrezeguet 320 A
72%
2021 - Serbie DusanVlahovic 101 A
72%
2020 - Etats - Unis WestonMcKennie 178 M
72%
2017 - 2020 France BlaiseMatuidi 133 M
70%
2020 - 2024 Italie FedericoChiesa 131 A
70%
2022 - Brésil GelsonBremer 91 D
70%
2024 - France KhephrenThuram 47 M
69%
2019 - 2025 Brésil Danilo 213 D
68%
2015 - 2021 Allemagne SamiKhedira 145 M
67%
2017 - 2024 Pologne WojciechSzczesny 252 G
67%
2011 - 2018 Suisse StephanLichtsteiner 258 D
66%
2018 - 2020 Allemagne EmreCan 45 M
65%
2018 - 20202021 - Italie MattiaPerin 56 G
65%
2021 - Italie ManuelLocatelli 180 M
63%
2024 - France PierreKalulu 39 D
62%
2017 - 2022 Uruguay RodrigoBentancur 181 M
62%
2017 - 2020 Brésil DouglasCosta 103 M/A
61%
2013 - 2015 Argentine CarlosTevez 96 A
60%
2012 - 2018 Ghana KwadwoAsamoah 156 D/M
59%
2022 - Pologne ArkadiuszMilik 75 A
58%
2019 - 2022 Pays - Bas MatthijsDe Ligt 117 D
56%
2014 - 2017 France PatriceEvra 82 D
56%
2016 - 20172018 - 2019 2021 - 2024 Italie MoiseKean 123 A
52%
2019 - 2022 Pays de Galles AaaronRamsey 70 M
50%
2024 - 2025 Portugal AlbertoCosta 10 D
50%
2012 - 20132015 - 2020 2021 - 2024 2025 - Italie DanieleRugani 148 D
50%
2024 - Portugal FranciscoConceicao 37 A
49%
2016 - 2019 Maroc MedhiBenatia 59 D
49%
2022 - 2024 Serbie FilipKostic 87 M/A
48%
2009 - 20102011 - 2016 2018 - 2019 Uruguay MartinCaceres 119 D
48%
2024 - Italie MicheleDi Gregorio 43 G
48%
2017 - 20202021 - 2024 Italie MattiaDe Sciglio 117 D
47%
2024 - Pays - Bas TeunKoopmeiners 40 M
47%
2018 - 2019 Portugal JoaoCancelo 34 D
46%
2023 - 2025 Etats - Unis TimothyWeah 77 M/A
46%
2022 - Italie FedericoGatti 105 D
45%
2022 - 2023 Argentine ÁngelDi María 40 A
44%
2016 - 2017 Brésil DaniAlves 33 D
44%
2020 - 2022 Suède DejanKulusevski 74 A
44%
2017 - 2022 Italie FedericoBernardeschi 183 A
43%
2024 - Angleterre LloydKelly 15 D
39%
2015 - 2017 Gabon MarioLemina 36 M
39%
2023 - Italie AndreaCambiaso 81 D/M
37%
2021 - Italie FabioMiretti 75 M
37%
2013 - 2015 Espagne FernandoLlorente 92 A
36%
2014 - 2015 France KingsleyComan 22 A
35%
2024 - 2025 Brésil DouglasLuiz 26 M
34%
2019 - 2021 Turquie MerihDemiral 32 D
34%
2017 - Italie CarloPinsoglio 6 G
32%
2009 - 2011 Brésil FelipeMelo 78 M
32%
2024 - 2025 France RandalKolo Muani 19 A
31%
2020 - 2022 Brésil Arthur 63 M
30%
2021 - 2022 Suisse DenisZakaria 13 M
30%
2019 - 20212022 - 2025 Italie NicolòFagioli 69 M
30%
2010 - 2014 Italie FabioQuagliarella 102 A
29%
2006 - 20072008 - 2010 2012 - 2015 Italie SebastianGiovinco 132 A
29%
2022 - 2023 Argentine LeandroParedes 35 M
28%
2022 - 2024 Angleterre SamuelIlling - Junior 45 A
28%
2010 - 20132015 - 2016 Italie AlessandroMatri 92 A
27%
2012 - 2014 Chili MauricioIsla 48 D
27%
2011 - 2014 Monténegro MirkoVucinic 96 A
27%
2024 - Colombie JuanCabal 9 D
26%
2007 - 2011 Mali MohamedSissoko 100 M
26%
2024 - 2025 Argentine NicoGonzalez 35 A
26%
2006 - 20072008 - 2015 Italie PaoloDe Ceglie 128 D/M
26%
2016 - 2018 Croatie MarkoPjaca 21 A
25%
2015 - 2017 Brésil Neto 21 G
24%
2015 - 2016 Italie SimoneZaza 24 A
24%
2024 - 2025 Belgique SamuelMbangula 32 A
23%
2010 - 2015 Italie SimonePepe 95 A
23%
2008 - 2011 Italie Amauri 100 A
22%
2009 - 2012 Italie FabioGrosso 59 D
22%
2012 - 2013 France NicolasAnelka 3 A
22%
2024 - Monténégro VasilijeAdzic 8 M
22%
2015 - 2017 Brésil Hernanes 35 M
21%
2010 - 20112013 - 2014 Italie MarcoMotta 35 D/M
20%
2014 - 2018 Italie StefanoSturaro 90 M
20%
2007 - 2013 Italie VincenzoIaquinta 108 A
20%
2023 - 2024 Espagne DeanHuijsen 1 D
19%
2010 - 2012 Italie LucaToni 15 A
19%
2021 - 2023 France MarleyAké 6 A
19%
2021 - 2023 Argentine MatÍasSoulé 21 A
19%
2012 - 2013 Danemark NicklasBendtner 11 A
19%
2014 - 2016 Argentine RobertoPereyra 68 M
19%
2020 - 2021 Roumanie RaduDragusin 4 D
18%
2016 - 2017 Vénezuéla TomasRincon 19 M
18%
2017 - 2018 Allemagne BenediktHowedes 3 D
17%
2018 - 2019 Italie LeonardoSpinazzola 12 D/M
17%
2009 - 2011 Brésil Diego 47 M
16%
2021 - 2023 Brésil KaioJorge 11 A
16%
2024 - 2025 Italie NicoloSavona 37 D
16%
2024 - 2025 Portugal RenatoVeiga 15 D
16%
2010 - 2015 Italie MarcoStorari 64 G
15%
2013 - 2015 Italie AngeloOgbonna 55 D
14%
2024 - Suède JonasRouhi 6 D
14%
2022 - 2023 Italie NicolòRovella 3 M
14%
2023 - 2024 Argentine CarlosAlcaraz 12 M/A
13%
2010 - 2012 Serbie MilosKrasic 50 A
13%
2011 - 2012 Pays - Bas EljeroElia 5 A
12%
2011 - 2013 Italie EmanueleGiaccherini 52 M/A
12%
2022 - 2023 Argentine EnzoBarrenechea 5 M
12%
2010 - 2011 Uruguay JorgeMartinez 20 A
12%
2021 - 2022 Belgique KonniDe Winter 2 D
12%
2016 - 2017 Italie RolandoMandragora 1 M
12%
2010 - 2011 Italie AlbertoAquilani 34 M
11%
2008 - 2012 Autriche AlexanderManninger 42 G
11%
2016 - 2017 Indonésie EmilAudero 1 G
11%
2021 - 2022 Italie LucaPellegrini 21 D
11%
2011 - 2016 Italie Simone Padoin 107 M
11%
2007 - 2011 RépubliqueTchèque ZdenekGrygera 114 D
11%
2010 - 2011 Sénégal ArmandTraoré 12 D/M
10%
2012 - 2013 Brésil Lucio 4 D
10%
2011 - 2012 Italie MarcoBorriello 17 A
10%
2003 - 20042005 - 2011 Italie NicolaLegrottaglie 154 D
10%
2023 - 2024 Portugal TiagoDjalo 1 D
10%
2012 - 2014 Italie FedericoPeluso 31 D
9%
2018 - 2019 Brésil MatheusPereira 3 M
9%
2007 - 2011 Bosnie -Herzégovine HasanSalihamidzic 73 M
8%
2013 - 2014 Italie Pablo DanielOsvaldo 18 A
8%
2014 - 2015 Italie Romulo 5 M
8%
2012 - 2016 Brésil Rubinho 2 G
8%
2020 - 2021 Tunisie HamzaRafia 1 M
7%
2018 - 20192023 - 2024 Italie HansNicolussi Caviglia 13 M
7%
2023 - 2024 Belgique JosephNonge 4 M
7%
2018 - 2019 Angleterre StephyMavididi 1 A
7%
2010 - 2012 Danemark FrederikSorensen 19 D
6%
2019 - 2021 Italie GianlucaFrabotta 18 D
6%
2018 - 2019 Chypre GrigorisKastanos 1 M
6%
2010 - 2011 Liechtenstein MarcelBuchel 2 M
6%
2020 - 2021 Portugal Felix Correia 1 A
5%
2011 - 2012 Paraguay MarceloEstigarribia 18 A
5%
2010 - 2011 Italie AlbertoLibertazzi 2 A
4%
2019 - 2020 Belgique DaoudaPeeters 1 M
4%
2006 - 20072010 - 2011 Italie DavideLanzafame 10 A
4%
2010 - 2011 Italie FilippoBoniperti 2 A
4%
2020 - 2021 Albanie GiacomoVrioni 2 A
4%
2010 - 2011 Italie LeandroRinaudo 1 D
4%
2023 - 2024 Italie LeonardoCerri 1 A
4%
2024 - Italie LorenzoAnghele 1 A
4%
2011 - 20132014 - 2015 Italie LucaMarrone 23 D
4%
2010 - 2011 Italie Matteo Liviero 1 D
4%
2010 - 2011 Italie NiccolòGiannetti 3 A
4%
2015 - 2016 Italie AndreaFavilli 1 A
3%
2013 - 20152016 - 2017 Italie FedericoMattiello 3 D
3%
2009 - 2011 Italie ManuelGiandonato 5 M
3%
2011 - 2012 Italie MichelePazienza 9 M
3%
2018 - 2020 Italie SimoneMuratore 5 M
3%
2010 - 2011 Italie VincenzoCamilleri 2 D
3%
2020 - 2021 Brésil Wesley 1 M
3%
2020 - 2023 Italie Cosimo MarcoDa Graca 2 A
2%
2019 - 2020 Italie LucaZanimacchia 2 A
2%
2019 - 2021 Italie ManoloPortanova 4 M
2%
2019 -2020 Italie MarcoOlivieri 4 A
2%
2014 - 2016 Italie MattiaVitale 2 M
2%
2023 - 2024 Italie NikolaSekulov 1 M
2%
2013 - 2014 Maroc OuasimBouy 1 M
2%
2022 - 2023 Italie TommasoBarbieri 4 D
2%
2020 - 2021 Italie AlessandroDi Pardo 4 M
1%
2017 - 2018 Italie FabrizioCaligara 1 M
1%
2020 - 2021 Italie PaoloGozzi 1 D
1%
2012 - 2013 Italie StefanoBeltrame 1 M
1%
Aucun quiz correspondant
Distribution des résultats
% des personnes avec chaque résultat
Percentile par nombre de réponses
Votre historique - résultats
Vous n’avez pas pris ce quiz depuis la dernière actualisation